000 00867nam a2200241 i 4500
001 12365
003 ES-MaACL
005 20230906150310.0
008 920902s1989 sp |||| |aspa d
020 _a84-84-87137-09-1
080 _a929 Estévanez, Nicolás
100 1 _aEstévanez, Nicolás.
_948127
245 1 0 _aFragmentos de mis memorias /
_cNicolás Estévanez y Murphy.
260 _aIslas Canarias :
_bVicesecretaría de Cultura y Deportes, Gobierno de Canarias,
_c1989.
300 _a282 p. ;
_c21 cm.
490 1 _aBiblioteca básica canaria ;
_v12
600 1 4 _aEstévanez, Nicolás.
_948127
651 4 _aEspaña-
_xHistoria-
_yS.XIX-
_vRelatos personales.
_98356
710 1 _aCanarias.
_bViceconsejería de Cultura y Deportes.
_92427
830 0 _aBiblioteca básica canaria ;
_v12
_9177611
852 _aES-MaACL
_jL-19758
999 _c12365
_d12365